[Event "2. Open Patrimonio de la Humanidad"]
[Site "Alcalá de Henares ESP"]
[Date "2007.10.07"]
[Round "1.1"]
[White "Fedorchuk, Sergey A"]
[Black "Sanchez Millan, Eduardo"]
[Result "1-0"]
[WhiteElo "2645"]
[BlackElo "1976"]
[PlyCount "69"]
[EventDate "2007.10.07"]
[EventType "swiss"]
[EventRounds "9"]
[EventCountry "ESP"]
[Source "lmi"]
[SourceDate "2007.10.07"]

1. e4 c5 2. Nf3 d6 3. d4 cxd4 4. Nxd4 Nf6 5. Nc3 a6 6. a4 g6 7. Be2 Bg7 8. O-O
O-O 9. Be3 Nbd7 10. Qd2 Ne5 11. h3 Qc7 12. Nd5 Nxd5 13. exd5 Bd7 14. b3 Be8 15.
a5 Nd7 16. c4 Nc5 17. Rab1 Ne4 18. Qd3 Nc5 19. Qd2 Ne4 20. Qc2 Nf6 21. b4 Rc8
22. Rfc1 Qd8 23. Qa2 Bd7 24. c5 dxc5 25. bxc5 Bb5 26. Nxb5 axb5 27. Bf3 Qd7 28.
c6 bxc6 29. dxc6 Qf5 30. Rc5 e5 31. Rbxb5 Rfe8 32. a6 h5 33. a7 g5 34. c7 g4
35. a8=Q 1-0

[Event "2. Open Patrimonio de la Humanidad"]
[Site "Alcalá de Henares ESP"]
[Date "2007.10.07"]
[Round "1.2"]
[White "Maseda Iglesias, Luis"]
[Black "Korneev, Oleg"]
[Result "0-1"]
[WhiteElo "1976"]
[BlackElo "2587"]
[PlyCount "46"]
[EventDate "2007.10.07"]
[EventType "swiss"]
[EventRounds "9"]
[EventCountry "ESP"]
[Source "lmi"]
[SourceDate "2007.10.07"]

1. d4 d5 2. c4 e6 3. Nc3 c6 4. Nf3 Nf6 5. e3 Nbd7 6. Bd3 dxc4 7. Bxc4 b5 8. Bd3
a6 9. O-O c5 10. Qc2 Bb7 11. Ne5 Rc8 12. Qe2 b4 13. Na4 Nxe5 14. dxe5 Qd5 15.
f3 c4 16. Bxc4 Qxc4 17. Qxc4 Rxc4 18. exf6 gxf6 19. e4 Bd6 20. Be3 Ke7 21. Rac1
Rhc8 22. b3 Rc2 23. Nb6 Rxc1 0-1

[Event "2. Open Patrimonio de la Humanidad"]
[Site "Alcalá de Henares ESP"]
[Date "2007.10.07"]
[Round "1.3"]
[White "Guliyev, Namig"]
[Black "Arauz Alonso, Fernando"]
[Result "1-0"]
[WhiteElo "2560"]
[BlackElo "1965"]
[PlyCount "73"]
[EventDate "2007.10.07"]
[EventType "swiss"]
[EventRounds "9"]
[EventCountry "ESP"]
[Source "lmi"]
[SourceDate "2007.10.07"]

1. e4 c6 2. d4 d5 3. exd5 cxd5 4. c4 Nf6 5. Nc3 e6 6. Nf3 Nc6 7. Bd3 Be7 8. O-O
O-O 9. Bg5 dxc4 10. Bxc4 a6 11. a3 b5 12. Ba2 b4 13. Bxf6 Bxf6 14. Ne4 Rb8 15.
Rc1 Nxd4 16. Nxf6+ Qxf6 17. Qxd4 bxa3 18. bxa3 Rb2 19. Bc4 Rd8 20. Qxf6 gxf6
21. Rfd1 Rxd1+ 22. Rxd1 Bb7 23. h4 Rc2 24. Bb3 Rc3 25. Rd8+ Kg7 26. Nd4 Be4 27.
f3 Bd3 28. Rd7 e5 29. Ne6+ Kh6 30. Rxf7 Rxb3 31. Rxf6+ Bg6 32. g4 Rxa3 33. Kf2
Ra1 34. h5 a5 35. hxg6 hxg6 36. Rf7 g5 37. Nf8 1-0

[Event "2. Open Patrimonio de la Humanidad"]
[Site "Alcalá de Henares ESP"]
[Date "2007.10.07"]
[Round "1.4"]
[White "Bouthier, Jacques"]
[Black "Vazquez Igarza, Renier"]
[Result "0-1"]
[WhiteElo "1959"]
[BlackElo "2553"]
[PlyCount "40"]
[EventDate "2007.10.07"]
[EventType "swiss"]
[EventRounds "9"]
[EventCountry "ESP"]
[Source "lmi"]
[SourceDate "2007.10.07"]

1. e4 e5 2. Nf3 Nf6 3. Nxe5 d6 4. Nf3 Nxe4 5. d4 d5 6. Bd3 Bd6 7. O-O O-O 8. c4
c6 9. Nc3 Nxc3 10. bxc3 Bg4 11. Re1 dxc4 12. Bxc4 Nd7 13. h3 Bh5 14. Be2 Re8
15. c4 c5 16. Bb2 Qc7 17. Qd3 Bg6 18. Qc3 cxd4 19. Qxd4 Nf6 20. Qh4 Bb4 0-1

[Event "2. Open Patrimonio de la Humanidad"]
[Site "Alcalá de Henares ESP"]
[Date "2007.10.07"]
[Round "1.5"]
[White "Mirzoev, Azer"]
[Black "Cuadrado Lopez, Francisco Javier"]
[Result "1-0"]
[WhiteElo "2545"]
[BlackElo "1952"]
[PlyCount "93"]
[EventDate "2007.10.07"]
[EventType "swiss"]
[EventRounds "9"]
[EventCountry "ESP"]
[Source "lmi"]
[SourceDate "2007.10.07"]

1. Nf3 Nf6 2. c4 e6 3. g3 d5 4. Bg2 c6 5. b3 Be7 6. O-O O-O 7. Bb2 Nbd7 8. d3
Qc7 9. Qc2 Rd8 10. Nbd2 Nf8 11. e4 Ng6 12. e5 Nd7 13. d4 c5 14. cxd5 exd5 15.
h4 Ngf8 16. Rfe1 Ne6 17. Nf1 Rb8 18. Ne3 Nb6 19. Rac1 Bd7 20. dxc5 Qxc5 21. Qd2
Qb5 22. Red1 Bb4 23. Bc3 Bxc3 24. Rxc3 Rbc8 25. Rxc8 Bxc8 26. Nf5 Qc5 27. Rc1
Qf8 28. N5d4 Bd7 29. Qa5 Ra8 30. Nxe6 Bxe6 31. Nd4 Nd7 32. Qc7 Qd8 33. f4 g6
34. Qxd8+ Rxd8 35. Rc7 b6 36. Rxa7 Nc5 37. Nc6 Re8 38. Kf2 Kf8 39. Ke3 Rc8 40.
Nd4 h5 41. Kd2 Ne4+ 42. Bxe4 dxe4 43. Nxe6+ fxe6 44. Rb7 Rd8+ 45. Ke3 Rd3+ 46.
Kxe4 Rxg3 47. Rxb6 1-0

[Event "2. Open Patrimonio de la Humanidad"]
[Site "Alcalá de Henares ESP"]
[Date "2007.10.07"]
[Round "1.6"]
[White "Ortega Morales, Pedro"]
[Black "Kovalyov, Anton"]
[Result "0-1"]
[WhiteElo "1944"]
[BlackElo "2510"]
[PlyCount "74"]
[EventDate "2007.10.07"]
[EventType "swiss"]
[EventRounds "9"]
[EventCountry "ESP"]
[Source "lmi"]
[SourceDate "2007.10.07"]

1. d4 Nf6 2. Bf4 e6 3. e3 c5 4. c3 Nc6 5. Nd2 Be7 6. Ngf3 Nh5 7. Bg3 Nxg3 8.
hxg3 a6 9. Bd3 g6 10. a4 d5 11. b3 Bd7 12. Qe2 Rc8 13. Rc1 Qb6 14. O-O O-O 15.
Bc2 Bf6 16. Bb1 Rc7 17. dxc5 Qxc5 18. c4 Qa3 19. Bd3 Nb4 20. Nd4 Nxd3 21. Qxd3
Rfc8 22. Nc2 Qe7 23. e4 dxc4 24. Nxc4 Bxa4 25. Nb6 Rd8 26. Qe3 Bb5 27. e5 Bg5
28. f4 Bxf1 29. Kxf1 Bh6 30. Nc4 Qc5 31. Re1 b5 32. Qxc5 Rxc5 33. N4e3 Rd2 34.
Re2 Rxe2 35. Kxe2 Rc3 36. b4 Bf8 37. Kd2 Rb3 0-1

[Event "2. Open Patrimonio de la Humanidad"]
[Site "Alcalá de Henares ESP"]
[Date "2007.10.07"]
[Round "1.7"]
[White "Dgebuadze, Alexandre"]
[Black "Collado Barbas, Laura"]
[Result "1-0"]
[WhiteElo "2505"]
[BlackElo "1940"]
[PlyCount "81"]
[EventDate "2007.10.07"]
[EventType "swiss"]
[EventRounds "9"]
[EventCountry "ESP"]
[Source "lmi"]
[SourceDate "2007.10.07"]

1. e4 e6 2. d3 d5 3. Qe2 dxe4 4. dxe4 Nf6 5. Nf3 b6 6. Nbd2 Ba6 7. Nc4 Bc5 8.
Bg5 Be7 9. Rd1 Qc8 10. c3 Bb7 11. e5 Nd5 12. h4 h6 13. Bc1 Nd7 14. Nd4 a6 15.
Qg4 Bf8 16. Nxe6 fxe6 17. Qxe6+ Ne7 18. Bd3 Kd8 19. Ne3 b5 20. O-O c6 21. Be4
Qc7 22. Rd3 Bc8 23. Rfd1 Ra7 24. h5 a5 25. Rd6 Ra6 26. Bf3 Nd5 27. Nxd5 cxd5
28. Rxa6 Bxa6 29. Qxa6 Qxe5 30. Qxa5+ Ke8 31. Qxb5 Bd6 32. Qe2 Qxe2 33. Bxe2
Nf6 34. Bf3 Ke7 35. Bxd5 Nxh5 36. Bf3 Nf6 37. a4 g5 38. a5 Nd7 39. a6 Ne5 40.
Re1 Kd7 41. Rxe5 1-0

[Event "2. Open Patrimonio de la Humanidad"]
[Site "Alcalá de Henares ESP"]
[Date "2007.10.07"]
[Round "1.8"]
[White "Carrasco Martinez, Ivan"]
[Black "Suba, Mihai"]
[Result "0-1"]
[WhiteElo "1939"]
[BlackElo "2502"]
[PlyCount "48"]
[EventDate "2007.10.07"]
[EventType "swiss"]
[EventRounds "9"]
[EventCountry "ESP"]
[Source "lmi"]
[SourceDate "2007.10.07"]

1. e4 c5 2. Nf3 d6 3. d4 Nf6 4. Nc3 cxd4 5. Nxd4 e6 6. Be3 a6 7. Be2 Qc7 8. O-O
b5 9. a3 Bb7 10. Bd3 Nbd7 11. Qd2 Nc5 12. f3 Be7 13. Nde2 O-O 14. Nf4 Rac8 15.
Rfd1 Rfd8 16. Qf2 Qb8 17. Bf1 Ncd7 18. Rd2 Ne5 19. Rad1 d5 20. Ba7 Nxf3+ 21.
gxf3 Qxf4 22. Be3 Qb8 23. Bb6 Re8 24. Ba5 Bc5 0-1

[Event "2. Open Patrimonio de la Humanidad"]
[Site "Alcalá de Henares ESP"]
[Date "2007.10.07"]
[Round "1.9"]
[White "Herraiz Hidalgo, Herminio"]
[Black "Sanz Esteban, Eduardo"]
[Result "1-0"]
[WhiteElo "2484"]
[BlackElo "1939"]
[PlyCount "37"]
[EventDate "2007.10.07"]
[EventType "swiss"]
[EventRounds "9"]
[EventCountry "ESP"]
[Source "lmi"]
[SourceDate "2007.10.07"]

1. d4 d5 2. c4 e6 3. Nc3 c5 4. cxd5 exd5 5. Nf3 Nf6 6. g3 Nc6 7. Bg2 Be7 8. O-O
O-O 9. Bg5 h6 10. Bxf6 Bxf6 11. dxc5 Bxc3 12. bxc3 Re8 13. e3 Qa5 14. Qxd5 Be6
15. Qd2 Qxc5 16. Nd4 Bd7 17. Rab1 b6 18. Rb5 Qd6 19. Rd5 1-0

[Event "2. Open Patrimonio de la Humanidad"]
[Site "Alcalá de Henares ESP"]
[Date "2007.10.07"]
[Round "1.11"]
[White "Abreu Delgado, Aryam"]
[Black "Alvarez Escudero, Manuel"]
[Result "1-0"]
[WhiteElo "2479"]
[BlackElo "1936"]
[PlyCount "63"]
[EventDate "2007.10.07"]
[EventType "swiss"]
[EventRounds "9"]
[EventCountry "ESP"]
[Source "lmi"]
[SourceDate "2007.10.07"]

1. e4 e6 2. d4 c5 3. Nf3 cxd4 4. Nxd4 Nc6 5. Nc3 Bb4 6. Ndb5 Nf6 7. a3 Bxc3+ 8.
Nxc3 O-O 9. Qd6 Qa5 10. Bd2 Qe5 11. Bf4 Qa5 12. b4 Qb6 13. Be3 Qd8 14. Be2 Ne8
15. Qd2 f6 16. O-O b6 17. Rad1 Bb7 18. Qxd7 Qxd7 19. Rxd7 Rb8 20. f4 Rf7 21.
Rfd1 Bc8 22. R7d2 Rbb7 23. Bb5 Rbc7 24. Ba4 Kf8 25. Nb5 Rcd7 26. Nd4 Nxd4 27.
Bxd7 Rxd7 28. Rxd4 Ke7 29. a4 Nd6 30. a5 bxa5 31. Rxd6 Rxd6 32. Bc5 1-0

[Event "2. Open Patrimonio de la Humanidad"]
[Site "Alcalá de Henares ESP"]
[Date "2007.10.07"]
[Round "1.12"]
[White "Moreno Molina, Fernando"]
[Black "Rizouk, Aimen"]
[Result "0-1"]
[WhiteElo "1930"]
[BlackElo "2470"]
[PlyCount "47"]
[EventDate "2007.10.07"]
[EventType "swiss"]
[EventRounds "9"]
[EventCountry "ESP"]
[Source "lmi"]
[SourceDate "2007.10.07"]

1. d4 Nf6 2. c4 e6 3. Nc3 Bb4 4. Qc2 c5 5. dxc5 Bxc5 6. Nf3 O-O 7. e3 b6 8. Bd3
Be7 9. O-O Bb7 10. Ne4 h6 11. b3 Na6 12. Bb2 Nb4 13. Qb1 Nxd3 14. Nxf6+ Bxf6
15. Bxf6 Qxf6 16. Qxd3 Bxf3 17. gxf3 Qxf3 18. Qxd7 Rac8 19. Qd6 Rc5 20. Rfd1
Qh3 21. Kh1 Qf3+ 22. Kg1 Rg5+ 23. Kf1 Rg2 24. Qf4 0-1

[Event "2. Open Patrimonio de la Humanidad"]
[Site "Alcalá de Henares ESP"]
[Date "2007.10.07"]
[Round "1.13"]
[White "Moreno Ruiz, Javier"]
[Black "Manzanares Campillo, Andres"]
[Result "1-0"]
[WhiteElo "2466"]
[BlackElo "1926"]
[PlyCount "49"]
[EventDate "2007.10.07"]
[EventType "swiss"]
[EventRounds "9"]
[EventCountry "ESP"]
[Source "lmi"]
[SourceDate "2007.10.07"]

1. e4 e5 2. Bc4 Nf6 3. d3 c6 4. Nf3 d6 5. O-O Be6 6. Bxe6 fxe6 7. c3 Be7 8. Qb3
Qc8 9. Ng5 d5 10. Re1 O-O 11. h3 Bd6 12. d4 Nxe4 13. Nxe4 dxe4 14. dxe5 Bc5 15.
Be3 Na6 16. Nd2 Bxe3 17. Rxe3 Nc7 18. c4 Qd8 19. Nxe4 b6 20. Rd1 Qe7 21. Rd6 c5
22. Qd3 Rfd8 23. Rg3 Ne8 24. Ng5 g6 25. Nxh7 1-0

[Event "2. Open Patrimonio de la Humanidad"]
[Site "Alcalá de Henares ESP"]
[Date "2007.10.07"]
[Round "1.14"]
[White "Piñeiro Lozano, Luis"]
[Black "Roa Alonso, Santiago"]
[Result "0-1"]
[WhiteElo "1924"]
[BlackElo "2451"]
[PlyCount "78"]
[EventDate "2007.10.07"]
[EventType "swiss"]
[EventRounds "9"]
[EventCountry "ESP"]
[Source "lmi"]
[SourceDate "2007.10.07"]

1. e4 c5 2. Nc3 d6 3. Bb5+ Bd7 4. Bxd7+ Qxd7 5. f4 Nc6 6. Nf3 g6 7. O-O Bg7 8.
d3 Nf6 9. h3 O-O 10. Be3 b6 11. Ne2 c4 12. Ng3 cxd3 13. cxd3 e5 14. Qd2 exf4
15. Bxf4 Rfe8 16. Rf2 Qe6 17. Raf1 Qxa2 18. Bh6 Nd8 19. Bxg7 Kxg7 20. Ng5 Ng8
21. Nxf7 Nxf7 22. Rxf7+ Qxf7 23. Rxf7+ Kxf7 24. Qf4+ Nf6 25. Qxd6 Rad8 26. Qa3
Rd7 27. Kf2 Kg7 28. Qc3 Kg8 29. Qxf6 Rf7 30. Qxf7+ Kxf7 31. d4 a5 32. Ke3 a4
33. e5 b5 34. Ke4 b4 35. Kd3 a3 36. bxa3 bxa3 37. Kc2 Rb8 38. d5 a2 39. e6+ Ke7
0-1

[Event "2. Open Patrimonio de la Humanidad"]
[Site "Alcalá de Henares ESP"]
[Date "2007.10.07"]
[Round "1.15"]
[White "Iturrizaga, Eduardo"]
[Black "Hernandez Del Can, Jose"]
[Result "1-0"]
[WhiteElo "2435"]
[BlackElo "1914"]
[PlyCount "43"]
[EventDate "2007.10.07"]
[EventType "swiss"]
[EventRounds "9"]
[EventCountry "ESP"]
[Source "lmi"]
[SourceDate "2007.10.07"]

1. e4 c5 2. Nc3 Nc6 3. f4 e6 4. Nf3 d6 5. Bb5 Bd7 6. O-O a6 7. Bxc6 Bxc6 8. d4
cxd4 9. Nxd4 Ne7 10. f5 e5 11. Nxc6 Nxc6 12. f6 Qb6+ 13. Kh1 g6 14. Nd5 Qd8 15.
Be3 Nd4 16. c3 Nb5 17. Bb6 Qc8 18. a4 Nc7 19. Nxc7+ Kd7 20. Qd5 Bh6 21. Nxa8
Qxa8 22. Qxf7+ 1-0

[Event "2. Open Patrimonio de la Humanidad"]
[Site "Alcalá de Henares ESP"]
[Date "2007.10.07"]
[Round "1.16"]
[White "Bote Kobolo, Benjamin"]
[Black "Almagro Llamas, Pablo"]
[Result "0-1"]
[WhiteElo "1894"]
[BlackElo "2429"]
[PlyCount "74"]
[EventDate "2007.10.07"]
[EventType "swiss"]
[EventRounds "9"]
[EventCountry "ESP"]
[Source "lmi"]
[SourceDate "2007.10.07"]

1. e4 c6 2. Nc3 d5 3. d4 dxe4 4. Nxe4 Bf5 5. Ng3 Bg6 6. Nf3 Nf6 7. Bc4 e6 8.
O-O Nbd7 9. c3 Qc7 10. Re1 Be7 11. Qe2 O-O-O 12. a4 Nd5 13. a5 h5 14. a6 b6 15.
Bb3 h4 16. Ne4 N7f6 17. Neg5 Bh5 18. h3 Kb8 19. Qc4 Nd7 20. Bd2 Rc8 21. Rac1
Bd6 22. Bc2 Bf4 23. Bxf4 Qxf4 24. Rcd1 Bxf3 25. Nxf3 g5 26. Re4 Qc7 27. Nxg5
N7f6 28. Re5 Rhg8 29. Bd3 Rg7 30. Kh1 Rcg8 31. Rxe6 Rxg5 32. Rxc6 Qd7 33. f4
Rxg2 34. f5 Ne3 35. Qb5 Nxd1 36. Rxb6+ axb6 37. Qxb6+ Ka8 0-1

[Event "2. Open Patrimonio de la Humanidad"]
[Site "Alcalá de Henares ESP"]
[Date "2007.10.07"]
[Round "1.18"]
[White "Collado Barbas, Alberto"]
[Black "Gongora Reyes, Maikel"]
[Result "0-1"]
[WhiteElo "1886"]
[BlackElo "2410"]
[PlyCount "54"]
[EventDate "2007.10.07"]
[EventType "swiss"]
[EventRounds "9"]
[EventCountry "ESP"]
[Source "lmi"]
[SourceDate "2007.10.07"]

1. d4 Nf6 2. Nf3 e6 3. Bg5 c5 4. e3 Qb6 5. Bd3 cxd4 6. Nbd2 dxe3 7. Bxe3 Qc7 8.
Nd4 Nc6 9. Nb5 Qb8 10. O-O a6 11. Nd4 d5 12. f4 Bd6 13. Qf3 O-O 14. g4 e5 15.
Nxc6 bxc6 16. fxe5 Bxe5 17. h3 Be6 18. g5 Nd7 19. Nb3 Qd6 20. Nd4 g6 21. h4 Nc5
22. h5 Bd7 23. h6 f6 24. gxf6 Rxf6 25. Qg2 Raf8 26. Rxf6 Rxf6 27. Bg5 Bxd4+ 0-1

[Event "2. Open Patrimonio de la Humanidad"]
[Site "Alcalá de Henares ESP"]
[Date "2007.10.07"]
[Round "1.19"]
[White "Valles Moreno, Ivan"]
[Black "Moreno Sanchez, Alberto"]
[Result "1-0"]
[WhiteElo "2402"]
[BlackElo "1880"]
[PlyCount "37"]
[EventDate "2007.10.07"]
[EventType "swiss"]
[EventRounds "9"]
[EventCountry "ESP"]
[Source "lmi"]
[SourceDate "2007.10.07"]

1. d4 Nf6 2. c4 e5 3. dxe5 Ng4 4. Nf3 Nc6 5. a3 Bc5 6. e3 a5 7. Nc3 Ncxe5 8. h3
Nxf3+ 9. Qxf3 Nf6 10. b3 O-O 11. Bb2 Re8 12. g4 h6 13. h4 d5 14. g5 d4 15. gxf6
dxe3 16. Nd5 exf2+ 17. Kd2 g6 18. Bd3 Ra6 19. Bxg6 1-0

[Event "2. Open Patrimonio de la Humanidad"]
[Site "Alcalá de Henares ESP"]
[Date "2007.10.07"]
[Round "1.20"]
[White "Rodriguez Bachiller, Luis"]
[Black "Serafimov, Tervel"]
[Result "0-1"]
[WhiteElo "1871"]
[BlackElo "2379"]
[PlyCount "76"]
[EventDate "2007.10.07"]
[EventType "swiss"]
[EventRounds "9"]
[EventCountry "ESP"]
[Source "lmi"]
[SourceDate "2007.10.07"]

1. e4 c6 2. d4 Na6 3. Nc3 Nc7 4. Nf3 g6 5. Be2 Bg7 6. Be3 d6 7. Qd2 Nf6 8. Bh6
O-O 9. Bxg7 Kxg7 10. e5 dxe5 11. dxe5 Qxd2+ 12. Nxd2 Nfd5 13. Nxd5 Nxd5 14.
O-O-O Nf4 15. Bf3 g5 16. g3 Ng6 17. Rhe1 Be6 18. Nb3 Bxb3 19. axb3 Rad8 20. Bh5
Rxd1+ 21. Rxd1 Nxe5 22. f4 gxf4 23. gxf4 Ng6 24. Bxg6 fxg6 25. Rd7 Rxf4 26.
Rxb7 Kf7 27. Rxa7 Ke6 28. Kd1 Rh4 29. Ra4 Rxh2 30. Re4+ Kd6 31. b4 e5 32. b3 h5
33. c4 g5 34. Re3 g4 35. c5+ Kd5 36. Rd3+ Ke4 37. Rd6 g3 38. Ke1 Rh1+ 0-1

[Event "2. Open Patrimonio de la Humanidad"]
[Site "Alcalá de Henares ESP"]
[Date "2007.10.07"]
[Round "1.21"]
[White "Serrano Salvador, Eduardo"]
[Black "Alcala Cuesta, Miguel"]
[Result "1-0"]
[WhiteElo "2376"]
[BlackElo "1867"]
[PlyCount "65"]
[EventDate "2007.10.07"]
[EventType "swiss"]
[EventRounds "9"]
[EventCountry "ESP"]
[Source "lmi"]
[SourceDate "2007.10.07"]

1. d4 d5 2. c4 c6 3. Nf3 Nf6 4. Nc3 e6 5. e3 Nbd7 6. Bd3 dxc4 7. Bxc4 b5 8. Bd3
Bb7 9. O-O a6 10. e4 c5 11. d5 Be7 12. Re1 e5 13. d6 Bxd6 14. Bxb5 Qe7 15. Bc4
O-O 16. Nh4 g6 17. Bh6 Rfd8 18. Qf3 Nb6 19. Bb3 c4 20. Bc2 Nh5 21. Nf5 Qf6 22.
Qg4 Be7 23. h4 Qe6 24. Nxe7+ Qxe7 25. Bg5 f6 26. Be3 Nd7 27. Rad1 Nc5 28. Nd5
Bxd5 29. exd5 Rab8 30. Qxc4 Nd7 31. Qxa6 Rxb2 32. Bb3 Nc5 33. d6+ 1-0

[Event "2. Open Patrimonio de la Humanidad"]
[Site "Alcalá de Henares ESP"]
[Date "2007.10.07"]
[Round "1.22"]
[White "Madina Yadarola, Martin"]
[Black "Calderon Martin, Antonio"]
[Result "1-0"]
[WhiteElo "2344"]
[BlackElo "1861"]
[PlyCount "63"]
[EventDate "2007.10.07"]
[EventType "swiss"]
[EventRounds "9"]
[EventCountry "ESP"]
[Source "lmi"]
[SourceDate "2007.10.07"]

1. e4 e5 2. Nf3 Nc6 3. Bb5 Bc5 4. c3 Nge7 5. d4 exd4 6. cxd4 Bb4+ 7. Nc3 d5 8.
e5 Bg4 9. a3 Ba5 10. Bg5 O-O 11. Bxc6 bxc6 12. h3 Bh5 13. g4 Bg6 14. Rc1 h6 15.
Bh4 Qd7 16. O-O Bxc3 17. Rxc3 Be4 18. Nd2 Bh7 19. f4 Ng6 20. Bg3 f5 21. exf6
Rxf6 22. f5 Ne7 23. Nf3 g6 24. Ne5 Qc8 25. Qd2 gxf5 26. Bh4 Rf7 27. Nxf7 Kxf7
28. Bxe7 Kxe7 29. Re1+ Kf7 30. Qxh6 Bg6 31. Rxc6 Qg8 32. Rxc7+ 1-0

[Event "2. Open Patrimonio de la Humanidad"]
[Site "Alcalá de Henares ESP"]
[Date "2007.10.07"]
[Round "1.23"]
[White "Garcia Besada, Alberto"]
[Black "Rubio Mejia, Luis Ignacio"]
[Result "0-1"]
[WhiteElo "1846"]
[BlackElo "2327"]
[PlyCount "74"]
[EventDate "2007.10.07"]
[EventType "swiss"]
[EventRounds "9"]
[EventCountry "ESP"]
[Source "lmi"]
[SourceDate "2007.10.07"]

1. e4 c5 2. Nf3 d6 3. c3 Nf6 4. Qc2 Bg4 5. d4 Bxf3 6. gxf3 e6 7. Be3 Nc6 8. Nd2
Be7 9. Rd1 cxd4 10. cxd4 O-O 11. a3 a6 12. Be2 Rc8 13. Qb1 b5 14. Rg1 Kh8 15.
f4 e5 16. Nf3 Qc7 17. Kf1 Nd7 18. Kg2 exd4 19. Nxd4 Nxd4 20. Bxd4 Bf6 21. Bg4
Rcd8 22. Kh1 Bxd4 23. Rxd4 Nc5 24. Rg3 Qe7 25. Rh3 g6 26. Rf3 Rfe8 27. Re3 Qh4
28. Qg1 Qf6 29. e5 dxe5 30. Rxd8 Qxd8 31. fxe5 Qd4 32. Qd1 Qxb2 33. Qd6 Qxf2
34. Rf3 Qe1+ 35. Kg2 Qe2+ 36. Kh3 Qxe5 37. Qd2 Ne4 0-1

[Event "2. Open Patrimonio de la Humanidad"]
[Site "Alcalá de Henares ESP"]
[Date "2007.10.07"]
[Round "1.25"]
[White "Cerrato Torrijos, Maria"]
[Black "Arribas Lopez, Angel"]
[Result "0-1"]
[WhiteElo "1829"]
[BlackElo "2312"]
[PlyCount "58"]
[EventDate "2007.10.07"]
[EventType "swiss"]
[EventRounds "9"]
[EventCountry "ESP"]
[Source "lmi"]
[SourceDate "2007.10.07"]

1. e4 c5 2. Nf3 d6 3. d4 cxd4 4. Nxd4 Nf6 5. Nc3 g6 6. Be3 Bg7 7. f3 O-O 8. Bc4
Nc6 9. Qd2 Bd7 10. O-O-O Rb8 11. g4 Ne5 12. Bb3 b5 13. h4 Nc4 14. Bxc4 bxc4 15.
Nd5 Nxd5 16. exd5 Qb6 17. c3 Qa5 18. Kb1 Qxd5 19. h5 Qb7 20. hxg6 fxg6 21. Qh2
h6 22. Rd2 Rxf3 23. Nxf3 Qxf3 24. Bd4 e5 25. Bxa7 Ra8 26. Qg1 Rxa7 27. Rxd6
Qe4+ 28. Ka1 Qa8 29. Qb1 Bxg4 0-1

[Event "2. Open Patrimonio de la Humanidad"]
[Site "Alcalá de Henares ESP"]
[Date "2007.10.07"]
[Round "1.26"]
[White "Rabadan Velasco, Raul"]
[Black "Calderon Rojo, Daniel"]
[Result "1-0"]
[WhiteElo "2307"]
[BlackElo "1828"]
[PlyCount "51"]
[EventDate "2007.10.07"]
[EventType "swiss"]
[EventRounds "9"]
[EventCountry "ESP"]
[Source "lmi"]
[SourceDate "2007.10.07"]

1. d4 d5 2. c4 e6 3. Nf3 c6 4. Nbd2 dxc4 5. Nxc4 Nf6 6. Qc2 Nbd7 7. e4 Nb6 8.
Bd3 Nxc4 9. Qxc4 Be7 10. O-O Qc7 11. Bg5 O-O 12. Rac1 Bd7 13. e5 Nd5 14. Qc2 g6
15. Bxe7 Nxe7 16. Qd2 Kg7 17. Rfe1 Rac8 18. Re4 Qb6 19. Rh4 Ng8 20. Rc5 Qc7 21.
Ng5 h6 22. Ne4 h5 23. Rxh5 f6 24. exf6+ Kf7 25. Rh7+ Ke8 26. Qg5 1-0

[Event "2. Open Patrimonio de la Humanidad"]
[Site "Alcalá de Henares ESP"]
[Date "2007.10.07"]
[Round "1.28"]
[White "Lymar, Irina"]
[Black "Morona Minguez, Irene"]
[Result "1-0"]
[WhiteElo "2264"]
[BlackElo "1806"]
[PlyCount "41"]
[EventDate "2007.10.07"]
[EventType "swiss"]
[EventRounds "9"]
[EventCountry "ESP"]
[Source "lmi"]
[SourceDate "2007.10.07"]

1. d4 d5 2. Nf3 Nf6 3. c4 c6 4. Qc2 e6 5. Bg5 Nbd7 6. Nc3 Be7 7. e3 Qa5 8. Bd3
Bb4 9. O-O Bxc3 10. bxc3 h6 11. Bh4 Nh5 12. cxd5 g5 13. dxe6 gxh4 14. exd7+
Bxd7 15. Ne5 h3 16. g3 Be6 17. Bf5 Ng7 18. Bxe6 Nxe6 19. Qf5 O-O-O 20. Qxh3
Qxc3 21. Nxf7 1-0

[Event "2. Open Patrimonio de la Humanidad"]
[Site "Alcalá de Henares ESP"]
[Date "2007.10.07"]
[Round "1.29"]
[White "Sierra Bermejo, Gregorio"]
[Black "Sanchez Rojo, Gustavo"]
[Result "0-1"]
[WhiteElo "1802"]
[BlackElo "2257"]
[PlyCount "63"]
[EventDate "2007.10.07"]
[EventType "swiss"]
[EventRounds "9"]
[EventCountry "ESP"]
[Source "lmi"]
[SourceDate "2007.10.07"]

1. c4 Nf6 2. Nf3 g6 3. Nc3 Bg7 4. g3 O-O 5. Bg2 d6 6. O-O e5 7. d3 c6 8. Rb1 a5
9. a3 Re8 10. Qc2 d5 11. cxd5 cxd5 12. Bg5 h6 13. Bxf6 Bxf6 14. Rfc1 Be6 15.
Nb5 Nc6 16. Qd2 Bg7 17. Nc3 a4 18. Qd1 Qa5 19. Qd2 f5 20. Rc2 e4 21. dxe4 dxe4
22. Ne1 Nd4 23. b4 axb3 24. Rcb2 Red8 25. Qe3 Rac8 26. Nxe4 fxe4 27. Bxe4 Nf5
28. Bxf5 Bxf5 29. Qxb3+ Qd5 30. Rd1 Qxb3 31. Rxd8+ Rxd8 32. Rxb3 0-1

[Event "2. Open Patrimonio de la Humanidad"]
[Site "Alcalá de Henares ESP"]
[Date "2007.10.07"]
[Round "1.30"]
[White "De La Fuente Gonzalez, Francisco"]
[Black "Garcia Carbonell, Francisco"]
[Result "1-0"]
[WhiteElo "2233"]
[BlackElo "1781"]
[PlyCount "59"]
[EventDate "2007.10.07"]
[EventType "swiss"]
[EventRounds "9"]
[EventCountry "ESP"]
[Source "lmi"]
[SourceDate "2007.10.07"]

1. c4 c5 2. g3 Nf6 3. Bg2 Nc6 4. Nc3 e6 5. Nf3 b6 6. O-O Bb7 7. e4 d6 8. d4 Na5
9. d5 Qd7 10. e5 Ng4 11. dxe6 fxe6 12. h3 Nxe5 13. Nxe5 dxe5 14. Bxb7 Nxb7 15.
Bg5 Nd6 16. Qe2 h6 17. Be3 Nf5 18. Nb5 a6 19. Qh5+ Ke7 20. Nc3 Rg8 21. Rad1 Qc6
22. Qg6 Qb7 23. Nd5+ exd5 24. Qxf5 d4 25. Qxe5+ Kd7 26. Bxd4 cxd4 27. Rxd4+ Kc8
28. Qe8+ Kc7 29. Rd7+ Kc6 30. Qe6+ 1-0

[Event "2. Open Patrimonio de la Humanidad"]
[Site "Alcalá de Henares ESP"]
[Date "2007.10.07"]
[Round "1.32"]
[White "Sanchez, Nicolas"]
[Black "Sanchez Rodajo, Pedro L"]
[Result "1-0"]
[WhiteElo "2201"]
[BlackElo "1717"]
[PlyCount "53"]
[EventDate "2007.10.07"]
[EventType "swiss"]
[EventRounds "9"]
[EventCountry "ESP"]
[Source "lmi"]
[SourceDate "2007.10.07"]

1. d4 Nf6 2. c4 g6 3. Nc3 Bg7 4. e4 d6 5. Be2 O-O 6. Nf3 c6 7. O-O Re8 8. Rb1
Nfd7 9. Qc2 Na6 10. b4 c5 11. dxc5 dxc5 12. a3 b6 13. Rd1 e6 14. Be3 Qe7 15.
Nb5 Rd8 16. Qa4 Ne5 17. Rxd8+ Qxd8 18. Rd1 Qe7 19. Nd6 Bb7 20. b5 Nb8 21. Nxb7
Qxb7 22. Rd8+ Bf8 23. Nxe5 Qc7 24. Qd1 h6 25. Bf4 Kg7 26. Rxf8 Kxf8 27. Nxg6+
1-0